000 00726nam a2200265Ia 4500
003 OSt
005 20221006153740.0
006 a|||||r|||| 00| 0
007 ta
008 221006b |||||||| |||| 00| 0 chi d
020 _a9789572803196
_cYu 400
024 _a33,226
037 _bGift, PRC
_cAnnuals, Advances
040 _aEASL
_cEASL
_bchi
041 _2chi
_achi
082 _aQ.4295, P3
100 _aWANG Jian Wang Au.
_9665251
245 0 _aTaiwan de tu di gong
260 _aTaibei
_bYuan zu wen hua gu fen you
_c2003
300 _a190p.
_ccm.
490 _v CL
650 _aCL
_9642733
942 _hQ.4295, P3
_cREF
_2CC
999 _c1101312
_d1101312